Identidad y procesos de democratización en Etiopía y Tanzania /

Bibliographic Details
Main Author: Escobar Cristiani, Adela Beatriz (Author)
Format: Electronic eBook
Language:Spanish
Published: Ciudad de México, México : El Colegio de México, 2024.
Edition:Primera edición electrónica.
Subjects:
Online Access:Digitalia Hispánica

MARC

LEADER 00000nam a2200000Ii 4500
001 DIGCOLMX0562
003 NyNyDIG
006 m o d
007 cr |||||||||||
008 250402s2024 mx ob 000 0 spa d
035 |a (OCoLC)1514306473 
040 |a DGITA  |b eng  |e rda  |e pn  |c DGITA 
020 |a 9786075646381  |q electrónico 
020 |z 9786075645759  |q impreso 
043 |a f-et---  |a f-tz--- 
050 1 4 |a JQ3751 ebook 
100 1 |a Escobar Cristiani, Adela Beatriz,  |e author. 
245 1 0 |a Identidad y procesos de democratización en Etiopía y Tanzania /  |c Adela Beatriz Escobar Cristiani. 
250 |a Primera edición electrónica. 
264 1 |a Ciudad de México, México :  |b El Colegio de México,  |c 2024. 
300 |a 1 online resource. 
336 |a text  |b txt  |2 rdacontent 
337 |a computer  |b c  |2 rdamedia 
338 |a online resource  |b cr  |2 rdacarrier 
347 |a text file  |2 rdaft 
347 |b EPUB 
504 |a Includes bibliographical references. 
588 0 |a Online resource; title from ePub title page (Digitalia, viewed April 2, 2025) 
650 0 |a Democratization  |z Ethiopia. 
650 0 |a Democratization  |z Tanzania. 
651 0 |a Ethiopia  |x Politics and government  |y 20th century. 
651 0 |a Tanzania  |x Politics and government  |y 20th century. 
776 0 8 |i Print version:  |a Escobar Cristiani, Adela Beatriz.  |t Identidad y procesos de democratización en Etiopía y Tanzania.  |b Primera edición impresa.  |d Ciudad de México, México : El Colegio de México, 2024  |z 9786075645759 
791 2 |a Digitalia (Firm),  |e distributor. 
793 0 |g Digitalia eBook Collection:  |a El Colegio de México 
856 4 0 |3 Digitalia Hispánica  |u https://www.digitaliapublishing.com/a/171404/ 
910 |a Premium collection: 2025